01068nab a22001937a 4500003000400000005001700004008004100021040000700062245009400069260007300163300001500236500003600251505029000287505008200577650001800659650002100677650002700698773014900725OSt20251218101615.0190429b xxu||||| |||| 00| 0 spa d cPJ10aPresentación de la sección neuroderechos y derechos humanos /cJosé Angel Marinaro. cCiudad Autónoma de Buenos Aires :aThomson Reuters La Ley, b2025. ap. 257-263 aCita: TR LALEY AR/DOC/400/2025. aSumario: I. Hacia nuevos derechos humanos en la era de la Neurociencia y la Neurotecnología.— II. Hacemos un poco de historia.— III. Conflictos éticos y derechos humanos.— IV. La prueba neurocientífica en los Tribunales.— V. Neuropredicción y tratamiento penitenciario. tSi te interesa el texto completo, solicitalo a koha@justierradelfuego.gov.ar  0aDERECHO PENAL 0aDERECHOS HUMANOS 0aCIENCIA Y TECNOLOGÍA0 02658tRevista de derecho penal y criminología. Nº 3 - Abril 2025dCiudad Autónoma de Buenos Aires : Thomson Reuters La Ley, 2017-x00347914